| 000 | 00785nam a22002651 4500 | ||
|---|---|---|---|
| 001 | 19707 | ||
| 003 | BD-RjUL | ||
| 005 | 20211209000451.0 | ||
| 008 | 140225s1968 enkf b 000 1 eng | ||
| 020 | _a0090857909 | ||
| 035 | _a(BD-RjUL)19768 | ||
| 040 |
_aDLC _cDLC _dBD-RjUL _beng |
||
| 041 | _aeng | ||
| 082 | 0 | 0 |
_a341.13 _bOBU 1968 |
| 100 | 1 |
_aO'Brien, Conor Cruise _d1917-2008. _960547 |
|
| 245 | 1 | 4 |
_aThe United Nations : _cConor Cruise O'Brien, Feliks Topolski. _bsacred drama / |
| 260 |
_aLondon : _bHutchinson, _cc1968. |
||
| 300 |
_a320 p. : _bill. ; _c27 cm. |
||
| 504 | _aIncludes bibliography. | ||
| 610 | 2 | 0 |
_aUnited Nations _960550 |
| 700 | 1 |
_aTopolski, Feliks _d1907-1989, _eill. _960549 |
|
| 942 |
_2ddc _cBK |
||
| 999 |
_c19707 _d19707 |
||